Parámetros reproductivos de Acyrthosiphon pisum en diferentes cultivares de alfalfa (Medicago sativa) /
Guardado en:
| Autor Principal: | |
|---|---|
| Autor Corporativo: | |
| Otros Autores: | |
| Formato: | Libro |
| Idioma: | Undetermined |
| Publicado: |
Bahía Blanca,
2013.
|
| Etiquetas: |
Agregar Etiqueta
Sin Etiquetas, Sea el primero en etiquetar este registro!
|
| LEADER | 00719nam a22001575a 4500 | ||
|---|---|---|---|
| 001 | EEA.libagro009307 | ||
| 005 | 20171013102741.0 | ||
| 008 | 140128s2013####ag############000#0#und#d | ||
| 100 | 1 | |a Covatti, Federico. | |
| 245 | 1 | 0 | |a Parámetros reproductivos de Acyrthosiphon pisum en diferentes cultivares de alfalfa (Medicago sativa) / |c Federico Covatti. |
| 260 | |a Bahía Blanca, |c 2013. | ||
| 300 | |a 30 h. : |b il. col ; |c 30 cm. | ||
| 500 | |a Trabajo de intensificación (Ingeniero Agrónomo) -- Universidad Nacional del Sur. Departamento de Agronomía, 2013. | ||
| 700 | 1 | |a Descamps, Lilian Renée, |e tutor. | |
| 710 | 2 | |a Universidad Nacional del Sur. |b Departamento de Agronomía. | |
| 859 | |a AR-BbBCA |b BIB. AGRONOMIA |h 633.3197 |i C873 |p 2014/6330 | ||
